Betekintés a MOL Nyrt. társadalmi felelősségvállalási tevékenységébe

Bibliographic Details
Main Author: Pribék Henriett
Other Authors: Németh Dr. Patrícia
Format: Thesis
Kulcsszavak:Társadalmi felelősségvállalás
CSR
MOL Csoport
Gazdasági fenntarthatóság
Online Access:http://dolgozattar.uni-bge.hu/1814

MARC

LEADER 00000nta a2200000 i 4500
001 dolg1814
005 20150423134107.0
008 150401suuuu hu om 000 hun d
040 |a BGE Dolgozattár Repozitórium  |b hun 
041 |a hu 
100 1 |a Pribék Henriett 
245 1 0 |a Betekintés a MOL Nyrt. társadalmi felelősségvállalási tevékenységébe  |c Pribék Henriett  |h [elektronikus dokumentum] 
246 1 1 |a Betekintés a MOL Nyrt. társadalmi felelősségvállalási tevékenységébe 
695 |a Társadalmi felelősségvállalás 
695 |a CSR 
695 |a MOL Csoport 
695 |a Gazdasági fenntarthatóság 
700 1 |a Németh Dr. Patrícia  |e ths 
856 4 0 |u http://dolgozattar.uni-bge.hu/1814/1/Prib%C3%A9k%20Henriett_szakdolgozat.pdf  |z Dokumentum-elérés